000
00324 a2200145 4500
001
45580
020
_a
8570263996
040
_c
Anchieta - Aquarius
240
1
0
_a
Nova enciclopédia Barsa
_l
por
245
1
0
_a
Nova enciclopédia Barsa
300
_a
506
362
0
_a
1997
650
4
_a
Espanholas e portuguesas
942
_c
BK
999
_c
45580
_d
45580